The Great War - Taylor Swift Lyrics - Statistics

General Stats
  • This quiz has been taken 448 times
  • The average score is 267 of 358
Answer Stats
Lyrics % Correct
the
99%
the
99%
The
99%
a
98%
I
98%
Great
97%
War
97%
war
97%
we
97%
We
97%
you
96%
You
96%
My
95%
my
95%
to
93%
was
93%
were
91%
We’re
91%
All
90%
all
90%
in
90%
on
90%
On
90%
that
90%
That
90%
it
88%
It
88%
go
87%
me
86%
So
86%
And
85%
and
85%
be
85%
for
85%
hand
85%
like
85%
one
84%
survived
84%
reached
83%
your
83%
Your
83%
bruised
82%
some
81%
knuckles
80%
of
79%
violets
79%
throughout
79%
as
77%
no
76%
with
74%
clover
73%
I’d
73%
over
73%
is
72%
never
72%
bloodshed
72%
bloodshed,
72%
Bloodshed,
72%
Crimson
72%
crimson
72%
crimson
72%
Always
71%
always
71%
back
71%
not
71%
But
70%
If
70%
Uh
70%
uh
70%
up
70%
anymore
68%
battle
68%
been
68%
betrayed
68%
down
67%
Got
67%
haze
67%
sense
67%
cry
66%
Cursed
66%
maybe
66%
Maybe
66%
Somewhere
66%
said
65%
talked
65%
lost
63%
Sucker
63%
walls
63%
her
62%
night
62%
sleep
62%
something
62%
fire
62%
thought
62%
vowed
62%
bigger
61%
hair
61%
into
61%
punching
61%
desire
60%
fight
60%
good
60%
it’s
60%
more
60%
playing
60%
trust
60%
turned
60%
come
59%
drew
59%
huh,
59%
huh
59%
remember,
59%
blur
58%
freely
58%
will
58%
Cause
57%
did
57%
faith
57%
have
57%
nearly
57%
Took
57%
alone
56%
diesel
56%
off
56%
really
56%
silence
56%
underground
56%
yours
56%
at
55%
can
55%
closed
55%
curtains
55%
justified
55%
truth
55%
from
54%
honor
54%
things
54%
treaties
54%
Drank
53%
egos
53%
Flashes
53%
ground
53%
memory
53%
poison
53%
swinging
53%
called
52%
garden
52%
letter
52%
Looked
52%
plant
52%
tomb
52%
blue
51%
sweet
51%
talking
51%
Tears
51%
that’s
51%
wasn’t
51%
fair
50%
punish
50%
dream
49%
past
49%
Say
49%
icy
49%
poppy
49%
would
49%
banners
48%
finger
48%
Telling
48%
Broken
47%
Place
47%
worst
46%
Screaming
45%
troops
44%
crypt
43%
hairpin
43%
Soldier
43%
Spineless
43%
There’s
43%
glory
41%
morning
41%
prayer
41%
Tore
40%
solemn
38%
burning
38%
bombs
36%
triggers
36%
better
35%
embers
34%
closer
33%
burned
27%
No matching quizzes found
Score Distribution
Percent of People with Each Score
Percentile by Number Answered
Your Score History
You have not taken this quiz